| 000 | 00719nam a2200265 a 4500 | ||
|---|---|---|---|
| 008 | |||
| 020 | _a0333474023 (pbk.) | ||
| 049 | _aMAIN | ||
| 090 | _aHG221 | ||
| 100 | _aGoodhart, C. A. E. | ||
| 245 |
_aMoney, information and uncertainty / _cC. A. E. Goodhart |
||
| 250 | _a2nd ed. | ||
| 260 |
_aHoundmills : _bMacmillan, _c1989. |
||
| 300 |
_axv, 493 p. ; _c24 cm. |
||
| 504 | _aIncludes bibliographical references. | ||
| 500 | _aIncludes index. | ||
| 650 | _aMoney. | ||
| 650 | _aMoney market. | ||
| 650 | _aMoney supply. | ||
| 907 |
_a.b10115742 _b01-06-04 _c26-03-04 |
||
| 003 | |||
| 005 | 20230123133719.0 | ||
| 040 | _cNUST | ||
| 942 |
_cBOOKS _kHG221 |
||
| 999 |
_c153371 _d153371 |
||